000 00694cam a22002051 4500
001 000001224
005 20200929145519.0
008 780504s1968 gw a 000 0 ger
040 _aDO-SdBNP
_cDLC
_dDLC
050 0 0 _aPF3117
_b.B57 1968
082 _bB652b
100 1 _aBlohm, Kurt,
_cschool principal.
_94170
245 1 0 _aBegegnung mit Deutschland. /
_c[Von] Kurt Blohm [und] Wulf Kopke.
250 _a(2., veranderte Aufl.)
260 _aMunchen, :
_bHueber,
_c(1968).
300 _a159 p., :
_bil. ;
_c21 cm.
440 0 _aDeutsche Reihe fur Auslander. Reihe A: Lesestoffe zum Sprachunterricht
_94171
650 0 _aGerman language
_xReaders.
_94172
910 _aCatalogación por copia / LC
999 _c1172
_d1172